000 00760nam a2200241Ia 4500
003 OSt
005 20220926025957.0
006 a|||||r|||| 00| 0
007 ta
008 220923b |||||||| |||| 00| 0 eng d
037 _cGeneral Book
040 _aRTL
_cRTL
_beng
041 _2eng
_aeng
082 _aX9(F555)OaD854, M2
110 _aOrganisation For Economic Co-Operation And Development
_942504
245 0 _aCost of oil spils
260 _aParis
_bOrganisation For Economic Co-Operation And Development
_c1982
300 _a252p.
_ccm.
650 _aPetroleum Industry
700 _aOrganisation For Economic Co-Operation And Development
_942505
942 _hX9(F555)OaD854, M2
_cGB
_2CC
999 _c648362
_d648362